000
00341nam a22001457a 4500
008
221208b ||||| |||| 00| 0 eng d
020
_a
9781464114069
041
_a
eng
080
_2
SIXTH EDITION
_a
311
082
_a
311LIN
100
_a
25.2
101
_a
STATI
245
_a
THE BASIC PRACTICE STATISTICS
_c
LINDER S.R
942
_2
udc
_c
BK
999
_c
59132
_d
59132